000 00887nam a2200241Ia 4500
003 OSt
005 20220923224027.0
006 a|||||r|||| 00| 0
007 ta
008 220922b |||||||| |||| 00| 0 hin d
024 _a224,213
037 _cTextual
040 _aARTS
_cARTS
_bhin
041 _2hin
_ahin
082 _a4v, 152P4
100 _aमिश्र, अखिलेश; मिश्र, वंदना, संपा.
_9160766
245 0 _aपत्रकारिता
_b मिशन से मीडिया तक
246 _aPatrakāritā: mishan se mīḍiyā taka
260 _aनयी दिल्ली
_b राजकमल प्रकाशन
_c2004
300 _a287पृ.
_ccm.
942 _h4v, 152P4
_cTEXL
_2CC
999 _c368740
_d368740